Tous les logos de marques automobiles - Statistiques

Statistiques générales
  • Ce quiz a été pris 462 fois
  • Le résultat moyen est 47 sur 90
Statistiques - réponses
Par images Réponse % Correct
Ford
100%
Tesla
98%
Chevrolet
94%
Jeep
94%
BMW
91%
Audi
90%
Ferrari
90%
Honda
90%
Mercedes
90%
Toyota
90%
Jaguar
89%
Peugeot
89%
Citroën
88%
Porsche
88%
Renault
88%
Opel
86%
Suzuki
86%
Kia
85%
Land Rover
85%
Lexus
85%
Fiat
84%
Lamborghini
84%
Nissan
84%
Dacia
83%
Ds Automobiles
83%
Bentley
82%
Mini
82%
Skoda
81%
Volkswagen
81%
Alfa Romeo
80%
Aston Martin
80%
Mazda
80%
Alpine
79%
Bugatti
79%
Hyundai
79%
Rolls Royce
79%
Volvo
79%
Subaru
78%
Maserati
77%
SEAT
77%
Mitsubishi
75%
Cadillac
72%
McLaren
72%
Cupra
71%
Dodge
71%
Smart
71%
Yamaha
64%
KTM
60%
Harley-Davidson
56%
Infiniti
55%
Man
55%
Chrysler
51%
Maybach
48%
Ducati
45%
Caterpillar
43%
Acura
36%
Pontiac
35%
John Deere
34%
Lincoln
28%
BYD
25%
Scania
25%
DeLorean
22%
Tata Motors
21%
Buick
18%
DAF
18%
New Holland
13%
Vespa
13%
Massey Ferguson
12%
XPeng
12%
Lada
11%
Saturn
9%
Kawasaki
7%
NIO
6%
Kenworth
5%
Chery
4%
Fisker
4%
Isuzu
4%
Rivian
4%
Iveco
3%
UAZ
3%
FAW
2%
Great Wall Motors
2%
Hino
2%
Li Auto
2%
Mahindra
2%
SAIC
2%
Hongqi
1%
Kamaz
1%
Lucid
1%
Peterblit
1%
Aucun quiz correspondant
Distribution des résultats
% des personnes avec chaque résultat
Percentile par nombre de réponses
Votre historique - résultats
Vous n’avez pas pris ce quiz